000 00828nam a2200265Ia 4500
003 OSt
005 20220927104120.0
006 a|||||r|||| 00| 0
007 ta
008 220926b |||||||| |||| 00| 0 eng d
024 _a124366
037 _cReference Collections
040 _aRTL
_cRTL
_beng
041 _2eng
_aeng
082 _a"W:5, N3/UN"
110 _a"United Nations, Centre for Human Rights"
_9364286
245 0 _aUnited Nations reference guide in the field of human rights for human rights Geneva
260 _aNew
_bYork UN
_c1993
300 _a124p.
_ccm.
490 _aWorld Campaign for Human Rights
650 _aFundamental Rights
_9364287
700 _a"United Nations, Centre for Human Rights"
_9364288
942 _h"W:5, N3/UN"
_cCC
999 _c686163
_d686163